Lazos de Sangre

Guardado en:
Bibliografiske detaljer
Hovedforfatter: Sheldon, Sidney
Format: Bog
Sprog:Undetermined
Udgivet: Bogota, Colombia Círculo de Lectores 1979
Fag:
Tags: Tilføj Tag
Ingen Tags, Vær først til at tagge denne postø!

MARC

LEADER 00000nam a2200000Ia 4500
008 170316s9999 xx 000 0 und d
999 |c 28836  |d 28836 
040 |a cru BVZT 
090 |a F-810 S-3L 
100 |a Sheldon, Sidney 
245 |a Lazos de Sangre 
260 |a Bogota, Colombia 
260 |b Círculo de Lectores 
260 |c 1979 
300 |a 329 páginas 
650 |a LITERATURA ESTADOUNIDENSE  |9 25 
650 |a FICCIÓN  |9 26 
942 |c 15 D  |h F-810 S-3L  |2 z